00724nam a2200241 a 4500001001300000003000900013005001700022008004100039020002300080082001700103100001500120245003100135260003700166300000900203500003500212505004100247650001400288700001500302902000800317942000700325952013300332999001700465nice12345678IN_TiNIC20260116014146.0050524s2004 dela grp 000 0 eng  a8170994 c69500a954.164bJOS aJoshi, H G aMeghalaya Past and Present aDelhibMittal Publication c2004 a342p aincludes index and biblioraphy2 aAppendix, Select Bibliography, Index aMeghalaya1 aJoshi, H G bSRS cBK 001040708StackRoom-aHMIbHMId2007-04-10g695.00l1m1o954.164 JOSp021146r2019-09-09s2019-08-09v695.00w2005-05-24yBK c14128d14128